Responses for Show #3329 - Thursday, February 11, 1999

1999 Tournament of Champions quarterfinal game 4.

Contestants

[<< previous game]

J.J. Todor, an attorney from Pataskala, Ohio

Carolyn White, a retired management consultant from Tucson, Arizona

Andrew Maly, an environmental engineer from Bel Air, Maryland

[next game >>]

Jeopardy! Round responses

A SHROPSHIRE LAD
(Alex: The book of poetry)
THE CINEMA
THERE GOES THE EMPIRE
SLOGANEERING
CALL ME ALEX
ALL "RIGHT"
    $100 2
Cherry tree

Carolyn
    $100 1
Naomi Judd

Carolyn
    $100 22
Italy

Andrew
    $100 6
Campbell's soup

Carolyn
    $100 7
Alexander Graham Bell

Andrew
    $100 17
Right-winger

J.J.
    $200 3
the sun

Carolyn
    $200 27
The Mask

J.J.
    $200 23
(J: What is France?)

Belgium

J.J.
Triple Stumper
    $200 12
Smuckers

J.J.
    $200 8
Alexander Hamilton

Carolyn
    $200 18
Right angles

J.J.
    $300 4
heart

Triple Stumper
    $300 28
The Hunt For Red October

J.J.
    $300 24
Portugal

Carolyn
    $300 13
Wonder Bread

Carolyn
    $300 9
Alex Haley

Andrew
    $300 19
The Righteous Brothers

Andrew
    $400 5
John Milton

J.J.
    $800 29
Born In East L.A.

J.J.
    $400 25
French Guiana

Carolyn
    $400 15
Nike

J.J.
    $400 10
Alexander Calder

Carolyn
    $400 20
Right-of-way

J.J.
    $500 14
"An Athlete Dying Young"

J.J.
    $500 30
Oddjob

Carolyn
    $500 26
Namibia

J.J.
    $500 16
Merrill Lynch

Carolyn
    $500 11
Alexis de Tocqueville

Carolyn
    $500 21
The Right Stuff

Carolyn

Scores at the first commercial break (after clue 15):

Andrew Carolyn J.J.
$400 $1,900 $1,500

Scores at the end of the Jeopardy! Round:

Andrew Carolyn J.J.
$800 $4,100 $3,800

Double Jeopardy! Round responses

A PASSAGE TO INDIA
SCIENCE & NATURE
THEATRE
HAIL TO THE CHIEF
FAMOUS LAST WORDS
BY THE HUNDREDS
    $200 21
Newspapers

Carolyn
    $200 16
Florida

Carolyn
    $200 22
Blocking

Carolyn
    $200 11
Jimmy Carter

Carolyn
    $200 6
Pablo Picasso

J.J.
    $200 1
The 700 Club

Andrew
    $400 25
Jawaharlal Nehru

Carolyn
    $400 17
Mercury

Andrew
    $400 23
Booth

Carolyn
    $400 12
James Monroe

Andrew
    $400 7
(J: Who is Nietzsche?)
(C: Who is Kant?)

Karl Marx

CarolynJ.J.
Triple Stumper
    $400 2
The Hundred Acre Wood

Carolyn
    $600 28
Mumbai (Bombay)

J.J.
    $1,200 18
Mesozoic

Andrew
    $600 24
Maria Callas

J.J.
    $600 13
James Buchanan

J.J.
    $600 8
H.G. Wells

Andrew
    $600 3
Fortune 500

Carolyn
    $800 29
(C: What are the Seychelles?)
(buzzer sounds)

Sri Lanka

CarolynJ.J.
    $800 19
(J: What is anenometer?)

Anemometer

J.J.
Triple Stumper
    $800 26
(C: Who was Kauffman?)

Thornton Wilder

Carolyn
Triple Stumper
    $2,000 14
Thomas Jefferson

J.J.
    $800 9
Pancho Villa

Andrew
    $800 4
The 400 Blows

J.J.
    $1000 20
(C: Who is Priestley?)

Henry Cavendish

Carolyn
Triple Stumper
    $1000 27
Sam Shepard

Carolyn
    $1000 15
Chester A. Arthur

J.J.
    $1000 10
(C: Who is Moliere?)
(J: Who is Voltaire?)

Francois Rabelais

CarolynJ.J.
Triple Stumper
    $1000 5
(Carolyn: What is "Into the valley of death marched the six hundred"?)

"Into the valley of death rode the six hundred"

AndrewCarolyn

Scores at the end of the Double Jeopardy! Round:

Andrew Carolyn J.J.
$5,400 $2,700 $8,200

Final Jeopardy! Round responses

MEDICAL HISTORY
(Alex: Not mine!)
CarolynWho was GRAY?
$2,700
AndrewWho was GRAY?
$5,400
J.J.Who is Darwin?
$2,601
Henry Gray ("Gray's Anatomy")

Final scores:

Andrew Carolyn J.J.
$10,800 $5,400 $5,599
Automatic semifinalist 3rd place: $2,500 if eliminated 2nd place: $2,500 if eliminated

Game dynamics:

Coryat scores:

Andrew Carolyn J.J.
$4,800 $2,700 $6,600
11 R
(including 1 DD),
0 W
22 R,
6 W
19 R
(including 2 DDs),
4 W

Combined Coryat: $14,100

[game clues] [game scores] [suggest correction]

Game tape date: 1999-01-05
The J! Archive is created by fans, for fans. Scraping, republication, monetization, and malicious use prohibited; this site may use cookies and collect identifying information. See terms. The Jeopardy! game show and all elements thereof, including but not limited to copyright and trademark thereto, are the property of Jeopardy Productions, Inc. and are protected under law. This website is not affiliated with, sponsored by, or operated by Jeopardy Productions, Inc. Join the discussion at JBoard.tv.